000 00428nam a2200169 i 4500
001 bg
100 1 _aGOODYEAR, C. C.
245 0 _aSignals and Information /
_cC. C. Goodyear.
260 _aLondon :
_bButterworth,
_c[1971].
300 _as. 310, nlb. 2 :
_brys., tabl.
504 _a[Zawiera bibliogr.].
040 _cBPK
041 _apol
080 _a621.377
942 _cKS
008 s pl f |000 0 pol
999 _c14489
_d14489
856 _uhttp://koha.tu.koszalin.pl/cgi-bin/koha/opac-detail.pl?biblionumber=14489
_yKatalog online BPK